000 01193nam a2200325 i 4500
003 IT-RoINE
005 20201030114338.0
008 140610s2014 it |||||r |||1|||ita|d
020 _a9788810215289
040 _cIT-RoINE
041 1 _aita
_heng
100 1 _943639
_aKelly, John Norman Davidson,
_d1909-1997
240 1 0 _aEarly Christian doctrines
_lItaliano
245 1 3 _aIl pensiero cristiano delle origini /
_cJohn Norman Davidson Kelly ; introduzione all'edizione italiana di Raniero Cantalamessa ; [raduzione di Maria Girardet, Giampiero Gramaglia]
260 _aBologna :
_bEDB,
_c2014.
300 _aXXIV, 608 p. ;
_c19 cm.
336 _2rdacontent
_atext
337 _2rdamedia
_aunmediated
338 _2rdacarrier
_avolume
490 1 _aEconomica EDB ;
_v29
500 _aTraducción de: Early Christian doctrines
500 _aIncluye índices.
650 4 _aCristianismo
_xHistoria
_91891
_yca. 30-600 (Iglesia primitiva)
650 4 _92536
_aPadres de la Iglesia
700 1 _aGirardet, Maria
_943640
700 1 _aGramaglia, Giampiero
_943641
700 1 _927545
_aCantalamessa, Raniero,
_cO.F.M. Cap.,
_d1934-
830 0 _aEconomica EDB ;
_v29
_94209
942 _cMTS
999 _c22109
_d22109